ბათუმის შოთა რუსთაველის სახელმწიფო უნივერსიტეტის ბიბლიოთეკა

Муниципальне правао:Учебное пособие (ბიბ.ჩანაწერი № 35959)

000 -LEADER
fixed length control field 00734nam a2200241Ia 4500
001 - CONTROL NUMBER
control field 1858
003 - CONTROL NUMBER IDENTIFIER
control field GE_BSU
008 - FIXED-LENGTH DATA ELEMENTS--GENERAL INFORMATION
fixed length control field 181216s||||||||xx |||||||||||||| ||und||
020 ## - INTERNATIONAL STANDARD BOOK NUMBER
International Standard Book Number 9785365006447
040 ## - CATALOGING SOURCE
Transcribing agency GE_BSU
080 ## - UNIVERSAL DECIMAL CLASSIFICATION NUMBER
Universal Decimal Classification number 342(470):352(470)
100 ## - MAIN ENTRY--PERSONAL NAME
Personal name Велиева, Джамила;Сейфаддин,Кызы; [и др].
245 ## - TITLE STATEMENT
Title Муниципальне правао:Учебное пособие
245 ## - TITLE STATEMENT
Remainder of title 3-ье изд.стер.
245 ## - TITLE STATEMENT
Statement of responsibility, etc. Под. ред. С.Е.Чаннова
260 ## - PUBLICATION, DISTRIBUTION, ETC.
Place of publication, distribution, etc. Москва
260 ## - PUBLICATION, DISTRIBUTION, ETC.
Name of publisher, distributor, etc. Омега-Л (Биб-ка высшей школы)
260 ## - PUBLICATION, DISTRIBUTION, ETC.
Date of publication, distribution, etc. 2007
300 ## - PHYSICAL DESCRIPTION
Extent 288 с.
653 ## - INDEX TERM--UNCONTROLLED
Uncontrolled term Муниципальное правао
942 ## - ADDED ENTRY ELEMENTS (KOHA)
Koha item type წიგნი
ეგზემპლარები
Withdrawn status Lost status Damaged status Not for loan Date acquired Barcode Date last seen Price effective from Koha item type
        2018-12-17 3795 2018-12-17 2018-12-17 წიგნი